[Event "London Chess Classic"]
[Site "Londra"]
[Date "12.12.2018"]
[Round "1.2"]
[White "Aronian, Levon"]
[Black "Vachier-Lagrave, Maxime"]
[Result "1/2-1/2"]
[WhiteTitle "GM"]
[BlackTitle "GM"]
[WhiteElo "2765"]
[BlackElo "2781"]
[WhiteFideId "13300474"]
[BlackFideId "623539"]
[EventDate "2018.12.11"]

1. Nf3 c5 2. c4 Nf6 3. Nc3 d5 4. cxd5 Nxd5 5. e4 Nb4 6. Bc4 Nd3+ 7. Ke2 Nf4+ 8.
Kf1 Ne6 9. d4 cxd4 10. Bxe6 Bxe6 11. Nxd4 Nc6 12. Nxe6 Qxd1+ 13. Nxd1 fxe6 14.
Bd2 e5 15. f3 e6 16. Be3 Bb4 17. Nf2 Ba5 18. Ke2 Bb6 19. Rhd1 Bxe3 20. Kxe3 Ke7
21. Rac1 Rhd8 22. Rxd8 Rxd8 23. Nd3 Kd6 24. Nc5 Rb8 25. h4 Nb4 26. a3 b6 27.
Nxe6 Na2 28. Ra1 Kxe6 29. Rxa2 Rc8 30. Kd2 Rd8+ 31. Ke2 Rc8 32. b3 Rc1 33. Rd2
Ra1 34. a4 Rb1 35. Rd3 Rb2+ 36. Kf1 a6 37. Kg1 b5 38. Rd8 bxa4 39. bxa4 Ra2 40.
Rh8 h6 41. Re8+ Kf6 42. Rb8 Rxa4 43. Rb6+ Kf7 44. h5 a5 45. Ra6 Ra2 46. Kh2 a4
47. Kh3 a3 48. g3 Ra1 49. Kg4 a2 50. Kf5 Rf1 51. Rxa2 Rxf3+ 52. Kxe5 Rxg3 53.
Ra7+ Kg8 54. Kd6 g6 55. Ra8+ Kf7 56. Ra7+ Kg8 57. Ra8+ Kf7 58. Ra7+ 1/2-1/2

[Event "London Chess Classic"]
[Site "Londra"]
[Date "15.12.2018"]
[Round "2.1"]
[White "Caruana, Fabiano"]
[Black "Aronian, Levon"]
[Result "1/2-1/2"]
[WhiteTitle "GM"]
[BlackTitle "GM"]
[WhiteElo "2832"]
[BlackElo "2765"]
[WhiteFideId "2020009"]
[BlackFideId "13300474"]
[EventDate "2018.12.11"]

1. e4 e5 2. Nf3 Nc6 3. Bb5 Nf6 4. d3 Bc5 5. c3 d5 6. exd5 Qxd5 7. Bc4 Qd6 8.
Nbd2 O-O 9. b4 Bb6 10. a4 a5 11. b5 e4 12. Ba3 Bc5 13. dxe4 Ne5 14. Nxe5 Qxe5
15. Bxc5 Qxc5 16. Qe2 Re8 17. f3 Be6 18. Bxe6 Rxe6 19. Rc1 Nd7 20. Nb3 Qa3 21.
Rb1 Nc5 22. Nxc5 Qxc5 23. Rd1 f5 24. Rd4 Qxc3+ 25. Qd2 Qa1+ 26. Qd1 Qc3+ 27. Qd2
Qa1+ 28. Qd1 Qc3+ 1/2-1/2

[Event "London Chess Classic"]
[Site "Londra"]
[Date "16.12.2018"]
[Round "2.2"]
[White "Aronian, Levon"]
[Black "Caruana, Fabiano"]
[Result "1/2-1/2"]
[WhiteTitle "GM"]
[BlackTitle "GM"]
[WhiteElo "2765"]
[BlackElo "2832"]
[WhiteFideId "13300474"]
[BlackFideId "2020009"]
[EventDate "2018.12.11"]

1. e4 e5 2. Nf3 Nf6 3. Nxe5 d6 4. Nf3 Nxe4 5. Nc3 Nxc3 6. dxc3 Be7 7. Be3 O-O 8.
Qd2 Nd7 9. O-O-O c6 10. Kb1 d5 11. Bd3 Nc5 12. h4 Nxd3 13. Qxd3 Qd6 14. c4 Rd8
15. cxd5 Qxd5 16. Qxd5 cxd5 17. Nd4 Bd7 18. Nb3 Bf5 19. Nd4 Bd7 20. Nb3 Bf5 21.
Nd4 1/2-1/2

[Event "London Chess Classic"]
[Site "Londra"]
[Date "17.12.2018"]
[Round "2.3"]
[White "Aronian, Levon"]
[Black "Caruana, Fabiano"]
[Result "1/2-1/2"]
[WhiteTitle "GM"]
[BlackTitle "GM"]
[WhiteElo "2765"]
[BlackElo "2832"]
[WhiteFideId "13300474"]
[BlackFideId "2020009"]
[EventDate "2018.12.11"]

1. d4 Nf6 2. c4 e6 3. Nf3 d5 4. Nc3 Be7 5. Bf4 O-O 6. e3 c5 7. dxc5 Bxc5 8. Qc2
Nc6 9. Rd1 Qa5 10. a3 Rd8 11. Nd2 d4 12. Nb3 Qb6 13. Na4 Bb4+ 14. axb4 Qxb4+ 15.
Nd2 Qa5 16. Qb3 e5 17. Bg5 Nb4 18. Be2 Bd7 19. Bxf6 gxf6 20. Ra1 dxe3 21. fxe3
b5 22. O-O bxa4 23. Qc3 f5 24. Nf3 f6 25. Nh4 Nc6 26. Qa3 e4 27. Bd1 Ne5 28.
Bxa4 Qxa4 29. Qxa4 Bxa4 30. Rxa4 f4 31. Rxf4 Rd1+ 32. Rf1 Rxf1+ 33. Kxf1 Rb8 34.
b4 Nxc4 35. Nf5 Rb5 36. g4 h5 37. h3 hxg4 38. hxg4 Ne5 39. Rxa7 Rxb4 40. Kg2 Rb1
41. Re7 Rb2+ 42. Kh3 Rf2 43. Re8+ Kh7 44. Re7+ Kg8 45. Re8+ Kh7 46. Re7+ Kg8 1/2-1/2

[Event "London Chess Classic"]
[Site "Londra"]
[Date "17.12.2018"]
[Round "2.4"]
[White "Caruana, Fabiano"]
[Black "Aronian, Levon"]
[Result "1-0"]
[WhiteTitle "GM"]
[BlackTitle "GM"]
[WhiteElo "2832"]
[BlackElo "2765"]
[WhiteFideId "2020009"]
[BlackFideId "13300474"]
[EventDate "2018.12.11"]

1. e4 e5 2. Nf3 Nc6 3. Bb5 Nf6 4. d3 Bc5 5. c3 d5 6. exd5 Qxd5 7. Bc4 Qd6 8. b4
Bb6 9. Nbd2 O-O 10. a4 Bf5 11. Ba3 e4 12. dxe4 Nxe4 13. Nxe4 Bxe4 14. Qxd6 cxd6
15. O-O-O Rac8 16. Bd5 Bxd5 17. Rxd5 Ne5 18. Nxe5 dxe5 19. Kb2 Bxf2 20. Rxe5 Bh4
21. Rd1 Bf6 22. Re3 Rc7 23. b5 Rfc8 24. Bb4 h5 25. Kb3 b6 26. Rdd3 g6 27. Re4
Bg7 28. Rde3 f5 29. Re8+ Rxe8 30. Rxe8+ Kf7 31. Ra8 g5 32. c4 Be5 33. h3 g4 34.
a5 f4 35. hxg4 hxg4 36. Rf8+ Ke6 37. Bd2 f3 38. gxf3 g3 39. axb6 axb6 40. Be3
Rd7 41. Re8+ Kf5 42. Bxb6 Rd3+ 43. Kb4 Rxf3 44. Rf8+ Ke4 45. Rxf3 Kxf3 46. Bg1
Kg2 47. Bc5 Kf3 48. b6 Ke4 49. b7 g2 50. Kb5 Bf4 51. Bg1 Bg3 52. Kc6 Be5 53. Kd7 1-0

[Event "London Chess Classic"]
[Site "Londra"]
[Date "17.12.2018"]
[Round "2.5"]
[White "Aronian, Levon"]
[Black "Caruana, Fabiano"]
[Result "1-0"]
[WhiteTitle "GM"]
[BlackTitle "GM"]
[WhiteElo "2765"]
[BlackElo "2832"]
[WhiteFideId "13300474"]
[BlackFideId "2020009"]
[EventDate "2018.12.11"]

1. d4 Nf6 2. Bf4 d5 3. e3 c5 4. c3 Nc6 5. Nd2 Qb6 6. Qb3 Nh5 7. Qxb6 axb6 8. Bc7
cxd4 9. exd4 e5 10. Bxe5 Nxe5 11. dxe5 Bc5 12. g3 O-O 13. Be2 g6 14. Bxh5 gxh5
15. Ngf3 f6 16. b4 Be7 17. e6 Bxe6 18. Nd4 Bd7 19. N2b3 f5 20. f4 Bf6 21. Kd2
Rfe8 22. Rhe1 Re4 23. h4 Kf7 24. Re3 Ra3 25. Nc2 Ra8 26. Nbd4 Kg6 27. Rd3 Rae8
28. Re1 Rxe1 29. Nxe1 Ra8 30. Ndc2 Rxa2 31. Rxd5 Bc6 32. Rd6 Kf7 33. Rd3 Ke6 34.
Kc1 Be4 35. Re3 Kd6 36. Kb1 Ra8 37. Kb2 Kc6 38. Na3 Rd8 39. Kc1 b5 40. Nf3 h6
41. Nc2 Ra8 42. Nfd4+ Kb6 43. Kb2 Rd8 44. Nb3 Be7 45. Ncd4 Bd6 46. Nc5 Bxc5 47.
bxc5+ Ka7 48. Nxb5+ Kb8 49. Nd6 Rg8 50. Nxe4 fxe4 51. c4 Kc7 52. Kc3 Kc6 53. Kd4
Rd8+ 54. Kxe4 Kxc5 55. Rb3 Rd7 56. Rc3 Rd2 57. Kf5 Kb4 58. Rc1 Rg2 59. Kg6 Rxg3+
60. Kxh5 Rf3 61. Kxh6 Rxf4 62. Kg5 Rf2 63. h5 Rg2+ 64. Kf6 Rf2+ 65. Kg6 Rg2+ 66.
Kf6 Rf2+ 67. Kg7 Rg2+ 68. Kh7 Kc5 69. h6 b6 70. Kh8 Rg6 71. h7 Rg2 72. Rb1 Rg4
73. Rb5+ Kc6 74. Rf5 Rxc4 75. Kg7 Rh4 76. Rf6+ 1-0

[Event "London Chess Classic"]
[Site "Londra"]
[Date "17.12.2018"]
[Round "2.6"]
[White "Caruana, Fabiano"]
[Black "Aronian, Levon"]
[Result "0-1"]
[WhiteTitle "GM"]
[BlackTitle "GM"]
[WhiteElo "2832"]
[BlackElo "2765"]
[WhiteFideId "2020009"]
[BlackFideId "13300474"]
[EventDate "2018.12.11"]

1. e4 e5 2. Nf3 Nc6 3. Bb5 f5 4. d3 fxe4 5. dxe4 Nf6 6. O-O d6 7. Bc4 Bg4 8. h3
Bh5 9. Nc3 Nd4 10. g4 Nxf3+ 11. Qxf3 Bg6 12. Be6 c6 13. Be3 Qe7 14. Bb3 Bf7 15.
Rfd1 a6 16. Qg3 b5 17. f4 Bxb3 18. axb3 g6 19. b4 Qe6 20. Qf3 exf4 21. Bxf4 Nd7
22. e5 d5 23. Rd4 Bg7 24. Bg3 Bxe5 25. Rd3 Bxg3 26. Qxg3 O-O 27. Re1 Qf6 28. Rd2
Rae8 29. Rxe8 Rxe8 30. Rf2 Qe5 31. Qxe5 Rxe5 32. Ne2 c5 33. bxc5 Nxc5 34. Nd4
Kg7 35. Kg2 Ne6 36. Nxe6+ Rxe6 37. Rd2 Rd6 38. Kf3 Kf6 39. c3 Ke5 40. Re2+ Kf6
41. Re8 d4 42. cxd4 Rxd4 43. Ra8 Rd6 44. Ke4 Kg5 45. Rh8 Rd7 46. Ra8 Rd6 47. Rh8
h6 48. b4 Rc6 49. Kd5 Rc4 50. Ra8 Rxb4 51. Rxa6 Rb3 52. h4+ Kxg4 53. Rxg6+ Kh5
54. Rb6 b4 55. Ke4 Rh3 56. Rb5+ Kg6 57. Rb6+ Kg7 58. Rb7+ Kf8 59. Kf5 Rxh4 60.
Kf6 Ke8 61. Ke6 Re4+ 62. Kf5 Rc4 63. Rb6 h5 64. Ke6 Kd8 65. Kd6 Kc8 66. Kd5 Kc7
67. Rh6 Rh4 68. Kc5 Kd7 69. Kd5 b3 70. Rh7+ Kc8 71. Kc6 Rc4+ 72. Kd5 Rb4 73. Kc6
Rc4+ 74. Kd5 b2 75. Kxc4 b1=Q 76. Rxh5 Qc2+ 77. Kd4 Qd1+ 0-1

[Event "London Chess Classic"]
[Site "Londra"]
[Date "17.12.2018"]
[Round "2.7"]
[White "Aronian, Levon"]
[Black "Caruana, Fabiano"]
[Result "0-1"]
[WhiteTitle "GM"]
[BlackTitle "GM"]
[WhiteElo "2765"]
[BlackElo "2832"]
[WhiteFideId "13300474"]
[BlackFideId "2020009"]
[EventDate "2018.12.11"]

1. d4 Nf6 2. Bf4 c5 3. d5 b5 4. f3 e6 5. e4 c4 6. a4 exd5 7. exd5 Bb4+ 8. c3
Qe7+ 9. Qe2 Bc5 10. d6 Qxe2+ 11. Nxe2 b4 12. Nd2 Ba6 13. cxb4 Bxb4 14. Nc3 O-O
15. Rc1 Re8+ 16. Kd1 Bxc3 17. bxc3 Nd5 18. Bg3 Ne3+ 19. Ke2 Nc6 20. Ne4 Nxf1 21.
Kxf1 Na5 22. Kf2 Nb3 23. Rc2 Bb7 24. Nd2 Bd5 25. Rd1 Nc5 26. Kg1 Bc6 27. Rb2
Nxa4 28. Rc2 Nc5 29. Ra2 Re2 30. Kf1 Re6 31. Rb1 h5 32. Ra5 Nb7 33. Rxh5 Nxd6
34. Ra5 Nb7 35. Ra3 d5 36. Bf2 a5 37. Rb6 a4 38. Bd4 Na5 39. f4 Bd7 40. Rxe6
fxe6 41. Nf3 Rb8 42. Ne5 Be8 43. Ra2 Rb1+ 44. Ke2 Nb3 45. Be3 Kh7 46. h3 Bb5 47.
Kf2 d4 48. Bxd4 Nxd4 49. cxd4 c3 50. Nf3 Rb2+ 0-1

[Event "London Chess Classic"]
[Site "Londra"]
[Date "17.12.2018"]
[Round "2.8"]
[White "Caruana, Fabiano"]
[Black "Aronian, Levon"]
[Result "1-0"]
[WhiteTitle "GM"]
[BlackTitle "GM"]
[WhiteElo "2832"]
[BlackElo "2765"]
[WhiteFideId "2020009"]
[BlackFideId "13300474"]
[EventDate "2018.12.11"]

1. e4 g6 2. d4 Bg7 3. Nc3 d6 4. Be3 c6 5. a4 d5 6. h3 dxe4 7. Nxe4 Bf5 8. Ng3
Be6 9. Nf3 Nf6 10. Be2 Nd5 11. Bd2 Qc7 12. Qc1 h6 13. c4 Nf6 14. O-O Nbd7 15. a5
g5 16. Bd3 g4 17. hxg4 Bxg4 18. Bf4 Qc8 19. Nh4 Nh5 20. Nxh5 Bxh5 21. Nf5 Bf6
22. Re1 Kd8 23. Qe3 Nf8 24. Nxe7 Qd7 25. Nf5 Ng6 26. Bh2 Bg4 27. Nd6 Bg5 28. Qe4
Nh4 29. Nxf7+ Qxf7 30. Qxg4 Rf8 31. Bg3 Nf5 32. Bxf5 Qxf5 33. Qxf5 Rxf5 34. a6
b5 35. Re6 bxc4 36. Rd6+ Ke8 37. Re1+ Kf8 38. Rxc6 Rb5 39. Rxc4 Rxb2 40. d5 Ra2
41. Rc6 Rd8 42. d6 Ra4 43. Rb1 Rd7 44. Rb7 Rxa6 45. Rc8+ 1-0